| 000 | 00708nam a2200217 a 4500 | ||
|---|---|---|---|
| 005 | 20221108063511.0 | ||
| 008 | 050307s1991 es 000 0 spa d | ||
| 020 | _a8437610060 | ||
| 035 | _aUPN01000138278 | ||
| 049 | _aCG | ||
| 050 | 4 |
_aPN1995.9 W6 _bK8.2 |
|
| 100 | 1 | _aKuhn, Annette | |
| 245 | 1 | 0 |
_aCine de mujeres : _bfeminismo y cine / _cAnnette Kuhn ; tr. Silvia Iglesias Recuero. |
| 260 |
_aMadrid : _bCátedra, _c1991. |
||
| 300 |
_a220 p. : _bil. |
||
| 440 | 0 |
_aSigno e imagen ; _v25 |
|
| 534 |
_pTraducción de: _tWomen's pictures : femenism and cinema |
||
| 650 | 0 |
_aMujeres en películas cinematográficas _914965 |
|
| 650 | 4 |
_aFEMINISMO Y PELICULAS CINEMATOGRAFICAS _914966 |
|
| 905 | _aLibro | ||
| 999 |
_c110426 _d110426 |
||